Game of Thrones Multiple Choice - Statistics

General Stats
  • This quiz has been taken 32,843 times
  • The average score is 13 of 15
Answer Stats
Question Answer % Correct
How did Joffrey die? Poisoned at his own wedding feast
99%
Which of the following is NOT one of Daenerys's titles? The Unsullied
97%
What is the sigil of house Baratheon? Stag
94%
Which of the following was Sansa never married or engaged to? Loras Tyrell
91%
Who brought Jon Snow back from the dead? Melisandre
90%
Which character has all his reproductive organs intact? Ser Bronn
90%
Which of these characters was NOT killed by Arya? Tywin Lannister
90%
Who did Brienne of Tarth lose her virginity to? Jaime Lannister
87%
Which of the following is NOT one of Daenerys's dragons? Aegon
85%
How are Jon and Daenerys related to each other? Aunt / nephew
85%
Which of the following kingdoms is, on average, furthest south? Dorne
85%
In what real-life city were many King's Landing scenes filmed? Dubrovnik
74%
Where would you find the Citadel, the headquarters of the order of the maesters? Oldtown
70%
Which of these characters never served as hand to a king (or queen)? Jorah Mormont
69%
What is the seat of House Frey? The Twins
66%
No matching quizzes found
Score Distribution
Percent of People with Each Score
Percentile by Number Answered
Your Score History
You have not taken this quiz